000 00983cam a2200313 4500
008 090401t1996 xxu||||| |||| 00| 0 eng d
020 _a0854067450
035 _a(Sirsi) u64211
041 _aeng
050 _a338.4569
090 _aRICS 1996/56ABCD
100 _aSampson, Anthony
245 _aConstruction forecasting : a new approach to construction industry forecasting.
260 _aLondon
_bRICS
_c1996
300 _a82p. ; 30cm.
350 _a14.95
520 _aFinal report of a pilot study carried out by the Department of Economics, University of Salford.
650 _aBUILDING INDUSTRY
650 _aCONSTRUCTION FORECASTS
650 _aCONSTRUCTION INDUSTRY
650 _aECONOMETRICS
650 _aECONOMIC FORECASTS
690 _aBUILDING AND CONSTRUCTION-ECONOMICS
700 _aSkinner, David
710 _aRoyal Institution of Chartered Surveyors
_94900
710 _aUniversity of Salford.
_93465
942 _n0
948 _c04/03/1997
999 _c94654
_d94654